000 00905nab a22002297a 4500
999 _c5984
_d5984
003 OSt
005 20260115175802.0
008 190605e xxu||||| |||| 00| 0 spa d
040 _cPJ
100 _96810
_aIbarlucía, Emilio A.
245 1 0 _aUna nueva precisión en materia de discriminación laboral /
_cEmilio A. Ibarlucía.
260 _aCiudad Autónoma de Buenos Aires :
_bThomson Reuters La Ley,
_c2022.
300 _ap. 54-55
500 _aCita: TR LALEY AR/DOC/3148/2022.
505 _t¿Te interesa el texto completo? Solicitalo al correo: koha@justierradelfuego.gov.ar
650 0 _91316
_aDERECHO LABORAL
650 0 _91533
_aDESPIDO
650 0 _91803
_aRELACIONES LABORALES
650 0 _91576
_aDISCRIMINACION
773 0 _02711
_93168
_dCiudad Autónoma de Buenos Aires : Thomson Reuters La Ley, 1999-2002.
_tRevista de derecho del trabajo. Nº 6 - Noviembre 2022
942 _2udc
_cANA